Biblioteca

Vidas paralelas / Plutarco ; introducción, traducción y notas por Aurelio Pérez Jiménez (Registro nro. 45320)

Detalles MARC
000 -LÍDER
Campo fijo de descripción fija 01554cam a2200289 i 4500
001 - NÚMERO DE CONTROL
Campo de control 18920
003 - IDENTIFICADOR DEL NÚMERO DE CONTROL
Campo de control CO-MdFUSB
005 - FECHA Y HORA DE LA ULTIMA TRANSACCIÓN
control field 20220813125448.0
008 - ELEMENTOS DE LONGITUD FIJA -- INFORMACIÓN GENERAL
Campo fijo de descripción fija -- Información general 220813t2006 sp ||| |||| 00| 0 spa d
020 ## - NÚMERO INTERNACIONAL NORMALIZADO PARA LIBROS
Número Internacional Normalizado del libro 978-84-249-0985-7
040 ## - FUENTE DE CATALOGACIÓN
Idioma de catalogación spa.
Agencia de catalogación original CO-MdFUSB
Agencia que realiza la transcripción CO-MdFUSB
Agencia que realiza la modificación CO-MdFUSBC
Convenciones de la descripción rda
041 ## - CÓDIGO DE IDIOMA
Código de idioma para texto/pista de sonido o título separado spa
082 04 - NÚMERO DE CLASIFICACIÓN DECIMAL DEWEY
Número de clasificación R P7378v
100 1# - ASIENTO PRINCIPAL--NOMBRE PERSONAL
Nombre personal Plutarco
245 10 - TÍTULO
Título del Material Vidas paralelas / Plutarco ; introducción, traducción y notas por Aurelio Pérez Jiménez
Mención de responsabilidad, etc. /
264 #1 - PRODUCCIÓN, PUBLICACIÓN, DISTRIBUCIÓN, MANUFACTURA, Y COPYRIGHT
Lugar de producción, publicación, distribución, manufactura Madrid :
Nombre del productor, publicador, distribuidor Gredos,
Fecha de producción, publicación, distribución, manufactura, o copyright [2006]
264 #4 - PRODUCCIÓN, PUBLICACIÓN, DISTRIBUCIÓN, MANUFACTURA, Y COPYRIGHT
Fecha de producción, publicación, distribución, manufactura, o copyright © 2006
300 ## - DESCRIPCIÓN FÍSICA
Extensión Volumenes 1-8 y 12
Dimensiones ;
336 ## - TIPO DE CONTENIDO
Fuente rdacontent
Término de tipo de contenido texto
Código de tipo de contenido txt
337 ## - TIPO DE MEDIO
Fuente rdamedia
Nombre del tipo de medio sin mediación
Código del tipo de medio n
338 ## - TIPO DE SOPORTE
Fuente rdacarrier
Nombre del tipo de soporte volumen
Código Tipo de soporte nc
501 ## - NOTA DE “CON”
Nota de Contenido pasta dura
505 ## - NOTA DE CONTENIDO
Nota de contenido con formato preestablecido Vol. 1: Teseo -- Rómulo -- Licurgo -- Numa \ Vol. 2: Solón -- Pulícola -- Temístocles -- Camilo -- Pericles -- Fabio Máximo \ Vol. 3: Coriolano -- Alcibíades -- Paulo Emilio -- Timoleón -- Pelópidas -- Marcelo \ Vol.4: Aristides -- Catón -- Filopemén -- Faminino -- Pirro -- Mario \ Aristides -- Catón -- Filopemén -- Flaminino -- Pirro -- Mario \ Vol. 5: Lisandro -- Sila -- Cimón -- Lúculo -- Nicias -- Craso \ Volumen 6: Alejandro -- César -- Agesilao -- Pompeyo -- Sertorio -- Éumenes \ Vol. 7: Demetrio -- Antonio -- Dión -- Bruto -- Arato -- Artajerjes -- Galba -- Otón\ Vol. 8: Foción -- Catón el joven -- Demóstenes -- Cicerón -- Agis -- Cleómenes -- Tiberio -- Gayo Graco
650 14 - ASIENTO SECUNDARIO DE MATERIA - TERMINO TEMÁTICO
Término temático o nombre geográfico como elemento de entrada BIOGRAFIAS - CLASICOS \ GRECIA - BIOGRAFIA \ ROMA - BIOGRAFIA
942 ## - TIPO DE MATERIAL (KOHA)
Tipo de Item KOHA Libros General
945 ## - INFORMACIÓN LOCAL DEL REGISTRO
Catalogador Estudiante
Existencias
Estado de Material Estado de Perdido Volumen-Parte/Tomo Estado de Dañado No para Préstamo Colección Tomo Biblioteca de Origen Biblioteca Permanente Fecha de Adquisición Total de Préstamos Signatura Topográfica Código de Barras Última vez visto Ejemplar/Existencia Fecha de Remplazo Tipo de Material
    1     Colección de Referencia   Biblioteca FUSBC Biblioteca FUSBC 01/12/2014   R P7378v 18931 26/03/2021 1 26/01/2016 Libros de Referencia
    8     Colección de Referencia   Biblioteca FUSBC Biblioteca FUSBC 26/03/2015   R P7378v 18938 26/03/2021 1 26/01/2016 Libros de Referencia
    7     Colección de Referencia   Biblioteca FUSBC Biblioteca FUSBC 26/03/2015   R P7378v 18937 26/03/2021 1 26/01/2016 Libros de Referencia
    6     Colección de Referencia   Biblioteca FUSBC Biblioteca FUSBC 26/03/2015   R P7378v 18936 26/03/2021 1 26/01/2016 Libros de Referencia
    5     Colección de Referencia   Biblioteca FUSBC Biblioteca FUSBC 26/03/2015   R P7378v 18935 08/11/2023 1 26/01/2016 Libros de Referencia
    4     Colección de Referencia   Biblioteca FUSBC Biblioteca FUSBC 26/03/2015   R P7378v 18934 26/03/2021 1 26/01/2016 Libros de Referencia
    3     Colección de Referencia   Biblioteca FUSBC Biblioteca FUSBC 26/03/2015   R P7378v 18933 26/03/2021 1 26/01/2016 Libros de Referencia
    2     Colección de Referencia   Biblioteca FUSBC Biblioteca FUSBC 26/03/2015   R P7378v 18932 26/03/2021 1 26/01/2016 Libros de Referencia

Biblioteca FUSBC | Teléfono: (57+4) 349 88 10 Ext. 141| WhatsApp (+57) 3005338115 
E-mail: biblioteca@unisbc.edu.co | Calle 76 87-14 Robledo Palenque, Medellín, Colombia

Con tecnología Koha